LEADER 01957nam 2200409Ia 450 001 996389362503316 005 20221108053318.0 035 $a(CKB)4940000000094219 035 $a(EEBO)2240925669 035 $a(OCoLC)9922840800971 035 $a(EXLCZ)994940000000094219 100 $a20050111d1621 uy 0 101 0 $aeng 135 $aurbn||||a|bb| 200 14$aThe art of dying well$b[electronic resource] $eDeuided into tvvo books. /$fWritten by Roberto Bellarmine of the Society of Iesus, and Cardinall. ; Translated into English for the benefit of our countreymen, by C.E. of the same Society 210 $a[Saint-Omer, France $cEnglish College Press$d1621] 215 $a[24], 328 p 300 $aTranslation of: De arte bene moriendi. 300 $a"C.E." identified as "Coffinus Exoniensis", i.e. Edward Coffin, in: A.J. Hawkes. "Birchley Hall secret press."--Library, 4th ser., 7 (1926). 300 $aPublication information from: Allison & Rogers; STC; Newdigate, C.A. "Birchley--or St. Omers?" Library. Publication also attributed to the Birchley Hall secret press in: Hawkes, A.J. "Birchley Hall secret press."--Library, 4th ser., 7 (1926). 300 $aSignatures: *? **? A-V? X?. 300 $aInitials. 300 $aImperfect: t.p. torn, with possible loss of date, stained, tightly bound, with loss of text; all of quire T lacking. 300 $aReproduction of original in: University of Texas at Austin. Library. 330 $aeebo-0179 606 $aDeath$xReligious aspects$vEarly works to 1800 606 $aChristian life$vEarly works to 1800 615 0$aDeath$xReligious aspects 615 0$aChristian life 700 $aBellarmino$b Roberto Francesco Romolo$cSaint,$f1542-1621.$0483296 701 $aCoffin$b Edward$f1571-1626.$01007379 801 0$bEAE 801 1$bEAE 906 $aBOOK 912 $a996389362503316 996 $aThe art of dying well$92331155 997 $aUNISA